000 00929aam a22002297a 4500
003 OSt
005 20180410133703.0
008 180410e201801 spc|||| ||||| 0|0 0dcat|d
017 _aDL B 29132-2017
_bBiblioteca de Catalunya
020 _a9788494698248
040 _aES-LlUDL
_bcat
_cCDMR
100 1 _aBennasar, Sebastià,
_d1976-
245 1 0 _aManuel de Pedrolo, manual de supervivència
_b: obra publicada en commemoració del Centenari del naixement de Manuel de Pedrolo (1918-2018) /
_cSebastià Bennasar
260 _aBarcelona :
_bMeteora,
_c2018
300 _a125 pàgines :
_bil·lustracions ;
_c22 cm
504 _aBibliografia: pàgines 121-125
600 1 7 _aPedrolo, Manuel de
_d1918-1990
_xCrítica i interpretació
_2lemac
_92063
600 1 7 _aPedrolo, Manuel de
_d1918-1990
_xBiografia
_2lemac
_92063
600 1 7 _aPedrolo, Manuel de
_d1918-1990
_xBibliografia
_2lemac
_92063
655 7 _aHomenatges
_2thub
942 _cMON
999 _c7117
_d7117